000 00561nam a2200181Ia 4500
008 090123s9999 xx 000 0 und d
082 _b27844
100 _aमोतीवाला एम.यू.
245 _aरत्नप्रभा
250 _a1
260 _bकॉन्टिनेंटल प्रकाशन
300 _a212
600 _aमोतीवाला एम.यू.
630 _aरत्नप्रभा
700 _aमोतीवाला एम.यू.
730 _aरत्नप्रभा
942 _cBOOK
999 _c66215
_d66215